[Event "Cappelle-la-Grande 2014"]
[Site "Cappelle-la-Grande (FRA)"]
[Date "????.??.??"]
[Round "8.24"]
[White "Martynov, Pavel"]
[Black "Maiorov, Nikita"]
[Result "1/2-1/2"]
[WhiteElo "2352"]
[BlackElo "2520"]
[PlyCount "79"]

1. d4 Nf6 2. c4 e6 3. Nf3 b6 4. g3 Bb7 5. Bg2 Be7 6. O-O O-O 7. Nc3 Ne4 8. Bd2
d6 9. d5 Nxd2 10. Qxd2 e5 11. b4 Nd7 12. e4 g6 13. Qe2 a5 14. a3 Bf6 15. Nd2
Qe7 16. Nb3 Rfb8 17. Rfb1 Bg7 18. Nb5 axb4 19. axb4 Nf6 20. Qd1 Ba6 21. Qd3 Qd8
22. Nc3 Bf8 23. Ra2 Bb7 24. Rba1 c6 25. Ra7 Qc8 26. dxc6 Bxc6 27. Nd5 Bxd5 28.
cxd5 Rxa7 29. Rxa7 Ra8 30. Rxa8 Qxa8 31. Nd2 Qa2 32. Bf3 Qb2 33. b5 h5 34. h4
Bh6 35. Nc4 Qxb5 36. Nxe5 Qxd3 37. Nxd3 Nd7 38. g4 hxg4 39. Bxg4 Nf6 40. Bf3
1/2-1/2

[Event "Cappelle-la-Grande 2014"]
[Site "Cappelle-la-Grande (FRA)"]
[Date "????.??.??"]
[Round "8.25"]
[White "Le Goff, Damien"]
[Black "Rombaldoni, Axel"]
[Result "1-0"]
[WhiteElo "2224"]
[BlackElo "2518"]
[PlyCount "53"]

1. e4 c5 2. Nc3 g6 3. Nf3 Bg7 4. d4 cxd4 5. Nxd4 Nc6 6. Be3 d6 7. Qd2 Nf6 8. f3
Bd7 9. g4 Rc8 10. h4 Ne5 11. Be2 Qa5 12. Nb3 Qa6 13. h5 O-O 14. Bh6 Nc4 15.
Bxc4 Qxc4 16. O-O-O b5 17. hxg6 fxg6 18. Bxg7 Kxg7 19. Qh6+ Kg8 20. g5 Nh5 21.
Rxh5 gxh5 22. g6 Rf7 23. gxf7+ Qxf7 24. Rh1 Be8 25. Rg1+ Kh8 26. Nd5 Bd7 27.
Qg5 1-0

[Event "Cappelle-la-Grande 2014"]
[Site "Cappelle-la-Grande (FRA)"]
[Date "????.??.??"]
[Round "8.26"]
[White "Papin, Vasily"]
[Black "Jarmula, Lukasz"]
[Result "1-0"]
[WhiteElo "2515"]
[BlackElo "2225"]
[PlyCount "81"]

1. c4 e6 2. Nf3 Nf6 3. d4 b6 4. Nc3 Bb7 5. a3 Be7 6. d5 exd5 7. cxd5 O-O 8. e4
d6 9. Bd3 c5 10. h3 Nbd7 11. Bf4 a6 12. a4 Ne8 13. O-O Bf6 14. Nd2 Ne5 15. Be2
Rb8 16. Bh2 Ng6 17. Qc2 Bc8 18. Rab1 Bd4 19. Nf3 f5 20. exf5 Bxf5 21. Ne4 Ne5
22. Nxd4 cxd4 23. Rbd1 Rc8 24. Qb1 Nf6 25. f3 Nc4 26. Rxd4 Ne3 27. Rf2 Nxe4 28.
fxe4 Bxh3 29. Rxf8+ Kxf8 30. gxh3 Qg5+ 31. Kf2 Kg8 32. Qg1 Rf8+ 33. Bf3 Qf6 34.
Kxe3 Qxf3+ 35. Kd2 Qb3 36. Bxd6 Qxb2+ 37. Ke3 Rc8 38. Rd3 Qf6 39. Qg3 Rc1 40.
Be5 Qh6+ 41. Bf4 1-0

[Event "Cappelle-la-Grande 2014"]
[Site "Cappelle-la-Grande (FRA)"]
[Date "????.??.??"]
[Round "8.27"]
[White "Grochal, Joey"]
[Black "Lagarde, Maxime"]
[Result "0-1"]
[WhiteElo "2176"]
[BlackElo "2514"]
[PlyCount "86"]

1. d4 f5 2. g3 Nf6 3. Bg2 d6 4. c4 g6 5. Nc3 Bg7 6. Nf3 O-O 7. O-O c6 8. d5 e5
9. dxe6 Bxe6 10. b3 Na6 11. Bb2 Qe7 12. Qc2 Rae8 13. Rad1 d5 14. cxd5 Nxd5 15.
Nd4 Bf7 16. Nxd5 Bxd5 17. Bxd5+ cxd5 18. e3 Qd7 19. Ba3 Rf7 20. Qd3 Nc7 21. Ne2
g5 22. Rd2 h5 23. Kh1 Re6 24. Nc3 Bxc3 25. Qxc3 Nb5 26. Qc5 b6 27. Qc1 Rc6 28.
Qb2 Qe6 29. Rfd1 Nc3 30. Rc1 Rfc7 31. Rd4 Nb5 32. Rxc6 Qxc6 33. Qe2 Nxa3 34.
Qxh5 Rg7 35. Qf3 Nc2 36. Rxd5 Rd7 37. e4 Nd4 38. Qe3 Rxd5 39. exd5 Qxd5+ 40.
Kg1 Kf7 41. h4 Nf3+ 42. Kf1 Qd1+ 43. Kg2 g4 0-1

[Event "Cappelle-la-Grande 2014"]
[Site "Cappelle-la-Grande (FRA)"]
[Date "????.??.??"]
[Round "8.28"]
[White "Podvin, Antoine"]
[Black "Kurajica, Bojan"]
[Result "0-1"]
[WhiteElo "1692"]
[BlackElo "2505"]
[PlyCount "79"]

1. d4 Nf6 2. c4 e6 3. Nc3 Bb4 4. Qc2 d6 5. Nf3 O-O 6. Bg5 Nbd7 7. e3 c5 8. Bd3
Qa5 9. O-O cxd4 10. exd4 Bxc3 11. bxc3 b6 12. Rab1 Bb7 13. Rb5 Qa6 14. Nd2 Bc6
15. Rb4 Qc8 16. Re1 Re8 17. Ne4 Nxe4 18. Bxe4 Bxe4 19. Rxe4 a5 20. Rh4 f5 21.
Ra4 Nf8 22. Qd3 Qd7 23. Ra3 a4 24. Qb1 Rec8 25. Qb4 Ng6 26. Rh3 f4 27. Rh5 e5
28. h3 h6 29. Bh4 Qc6 30. f3 Qxc4 31. Qxd6 Kh7 32. Bf2 Ra5 33. Qb4 Qd3 34. c4
Qd1+ 35. Qe1 Qc2 36. Qc3 Qxc3 37. Rxc3 exd4 38. Rxa5 dxc3 39. Bxb6 c2 40. c5
0-1

[Event "Cappelle-la-Grande 2014"]
[Site "Cappelle-la-Grande (FRA)"]
[Date "????.??.??"]
[Round "8.29"]
[White "Kravtsiv, Martyn"]
[Black "Roger, Mehdi"]
[Result "1-0"]
[WhiteElo "2601"]
[BlackElo "2173"]
[PlyCount "184"]

1. e4 c5 2. Nf3 d6 3. d4 cxd4 4. Nxd4 Nf6 5. Nc3 g6 6. Be3 Bg7 7. f3 O-O 8. Qd2
Nc6 9. Bc4 Bd7 10. O-O-O Rc8 11. Bb3 Nxd4 12. Bxd4 b5 13. Bxa7 b4 14. Ne2 Qa5
15. Bd4 Ba4 16. Kb1 Rc6 17. Nc1 Rfc8 18. Rhe1 Rxc2 19. Qxc2 Rxc2 20. Kxc2 Nd7
21. Kb1 Bxd4 22. Rxd4 Bxb3 23. Nxb3 Qb6 24. Rc1 Ne5 25. f4 Ng4 26. Rcc4 Ne3 27.
Rxb4 Qa6 28. a4 Kg7 29. Rb5 Nxg2 30. e5 Ne3 31. exd6 exd6 32. Re4 Ng4 33. Reb4
Nxh2 34. Rb6 Qf1+ 35. Ka2 Ng4 36. Rxd6 h5 37. a5 h4 38. a6 h3 39. a7 h2 40.
a8=Q h1=Q 41. Qxh1 Qxh1 42. Ra4 Qb7 43. Nd4 Ne3 44. Ne2 Nd5 45. Nc3 Nb4+ 46.
Kb1 Qh1+ 47. Rd1 Qb7 48. Ka1 Nc2+ 49. Ka2 Nb4+ 50. Kb1 Kg8 51. Rd4 Qh1+ 52. Nd1
Nc6 53. Rd2 Qe1 54. Kc2 Qe6 55. Nc3 Qf5+ 56. Kc1 Qc5 57. Re4 Nb4 58. Kb1 Nc6
59. Rd1 Qf5 60. Rd5 Qh3 61. Ka2 Qf1 62. Ra4 Qf2 63. Rb5 Nd4 64. Rb7 Ne2 65.
Nxe2 Qxe2 66. Ra8+ Kg7 67. Ra4 Qd1 68. Rc4 Qd5 69. Rbb4 Qa8+ 70. Ra4 Qd5 71.
Ka3 Qd6+ 72. Rab4 Qa6+ 73. Kb3 Qe6 74. Rb7 Qe2 75. Rbc7 Qd2 76. R7c5 Qe1 77.
Ka2 Qe2 78. Ka3 Qd1 79. b4 Qe1 80. Ka4 Qd1+ 81. Kb5 Qd8 82. Rc8 Qd6 83. Ka5 Qe7
84. Ka6 Qd6+ 85. R8c6 Qd8 86. b5 Qb8 87. b6 Qa8+ 88. Kb5 Qa3 89. b7 Qb3+ 90.
Ka6 Qa3+ 91. Kb6 Qe3+ 92. R6c5 Qxc5+ 1-0

[Event "Cappelle-la-Grande 2014"]
[Site "Cappelle-la-Grande (FRA)"]
[Date "????.??.??"]
[Round "8.30"]
[White "Daulyte, Deimante"]
[Black "Fier, Alexandr"]
[Result "1-0"]
[WhiteElo "2357"]
[BlackElo "2595"]
[PlyCount "65"]

1. e4 c5 2. Nc3 a6 3. Nge2 e6 4. d4 cxd4 5. Nxd4 d6 6. Bd3 Nf6 7. O-O Nbd7 8.
a4 b6 9. f4 Bb7 10. Qe2 Qc7 11. Kh1 Be7 12. Bd2 h5 13. Rae1 h4 14. b4 h3 15. g4
g6 16. g5 Nh5 17. Rf3 Kf8 18. f5 exf5 19. exf5 Ne5 20. Be4 gxf5 21. Rxf5 Ng7
22. Nd5 Bxd5 23. Bxd5 Nxf5 24. Nxf5 Qxc2 25. Nd4 Qc8 26. Qf1 Rh7 27. Rxe5 dxe5
28. g6 exd4 29. gxh7 Kg7 30. Qxf7+ Kh8 31. Bf4 Bd6 32. Qf6+ Kxh7 33. Qh6# 1-0

[Event "Cappelle-la-Grande 2014"]
[Site "Cappelle-la-Grande (FRA)"]
[Date "????.??.??"]
[Round "8.32"]
[White "Cornette, Matthieu"]
[Black "Kulon, Klaudia"]
[Result "1/2-1/2"]
[WhiteElo "2566"]
[BlackElo "2308"]
[PlyCount "77"]

1. c4 Nf6 2. Nc3 g6 3. e4 d6 4. d4 Bg7 5. Bd3 c5 6. d5 e6 7. Bg5 h6 8. Bh4 exd5
9. exd5 O-O 10. Nge2 Nbd7 11. f4 g5 12. Bg3 Nh5 13. O-O Nxg3 14. Nxg3 gxf4 15.
Rxf4 Ne5 16. Qc2 Ng4 17. Bf5 Ne3 18. Qd3 Qg5 19. Rf2 Bd4 20. Nce4 Qh4 21. Kh1
Ng4 22. Bxg4 Bxf2 23. Bxc8 Bxg3 24. Qxg3+ Qxg3 25. hxg3 Raxc8 26. Nxd6 Rb8 27.
Rf1 b6 28. g4 Kh7 29. Kh2 Rbd8 30. Nf5 b5 31. b3 Rfe8 32. Kg3 Re2 33. Rh1 bxc4
34. Rxh6+ Kg8 35. bxc4 Rc2 36. d6 Rxc4 37. Ne7+ Kg7 38. Nf5+ Kg8 39. Ne7+
1/2-1/2

[Event "Cappelle-la-Grande 2014"]
[Site "Cappelle-la-Grande (FRA)"]
[Date "????.??.??"]
[Round "8.33"]
[White "Petkov, Vladimir"]
[Black "Justo, Damian"]
[Result "1-0"]
[WhiteElo "2566"]
[BlackElo "2315"]
[PlyCount "137"]

1. d4 e6 2. c4 Nf6 3. Nc3 Bb4 4. Nf3 c5 5. g3 cxd4 6. Nxd4 O-O 7. Bg2 d5 8. Qb3
Na6 9. cxd5 Nxd5 10. O-O Nxc3 11. bxc3 Be7 12. Rd1 Nc5 13. Qc4 Bd7 14. Be3 Rc8
15. Nc6 Bxc6 16. Rxd8 Rfxd8 17. Bxc6 Rxc6 18. a4 Nxa4 19. Qb5 Nb6 20. Rxa7 Nd5
21. Bd2 Rdc8 22. Rxb7 f5 23. Rb8 Kf7 24. Rxc8 Rxc8 25. c4 Nf6 26. Bb4 Rc7 27.
f3 Bxb4 28. Qxb4 Ng8 29. Kf2 h6 30. h3 Ne7 31. g4 fxg4 32. hxg4 Ng6 33. Kg3 Ne7
34. Qb5 Rc6 35. f4 Rc8 36. e4 g6 37. Kf3 Ra8 38. Ke3 Ra3+ 39. Kd4 Ra5 40. Qb7
e5+ 41. fxe5 Ra1 42. Kc5 Rd1 43. Qb3 Rd8 44. e6+ Kxe6 45. Qb6+ Kd7 46. e5 Rc8+
47. Kd4 Rc6 48. Qb7+ Ke6 49. c5 g5 50. Qb3+ Kd7 51. Qf7 Re6 52. Ke4 Rc6 53. Qc4
Re6 54. Qb5+ Rc6 55. Kd4 Ke6 56. Qb8 Kd7 57. Kc4 Rg6 58. Kb5 Re6 59. Qf8 Rg6
60. Qf3 Re6 61. Qe4 Rg6 62. Qb7+ Ke8 63. c6 Rxc6 64. Qxc6+ Nxc6 65. Kxc6 h5 66.
gxh5 g4 67. h6 Kf8 68. e6 g3 69. Kd7 1-0

[Event "Cappelle-la-Grande 2014"]
[Site "Cappelle-la-Grande (FRA)"]
[Date "????.??.??"]
[Round "8.34"]
[White "Eingorn, Vereslav S"]
[Black "Klinova, Masha"]
[Result "1-0"]
[WhiteElo "2556"]
[BlackElo "2302"]
[PlyCount "81"]

1. d4 d6 2. Nf3 Nf6 3. c4 g6 4. Nc3 Bg7 5. e4 O-O 6. Be2 e5 7. d5 Nbd7 8. Be3
Ng4 9. Bg5 f6 10. Bd2 Nh6 11. h4 f5 12. h5 f4 13. hxg6 hxg6 14. Qc2 a5 15.
O-O-O Nc5 16. Ne1 c6 17. Nd3 Ng4 18. Nxc5 dxc5 19. Bxg4 Bxg4 20. f3 Bd7 21.
dxc6 bxc6 22. Na4 Qe7 23. Be1 Be6 24. Bf2 Qf7 25. b3 Rfd8 26. Rxd8+ Rxd8 27.
Bxc5 g5 28. Rd1 Rxd1+ 29. Qxd1 g4 30. Nb2 Qh5 31. Nd3 Qh2 32. Qg1 Qh5 33. Qd1
a4 34. Kb2 Qf7 35. Kc2 Bf6 36. Qg1 Qb7 37. Qd1 Qh7 38. Nf2 gxf3 39. gxf3 Qh2
40. Qd6 Kf7 41. Qc7+ 1-0

[Event "Cappelle-la-Grande 2014"]
[Site "Cappelle-la-Grande (FRA)"]
[Date "????.??.??"]
[Round "8.35"]
[White "Solomon, Kenny"]
[Black "Popovic, Dusan"]
[Result "0-1"]
[WhiteElo "2350"]
[BlackElo "2553"]
[PlyCount "64"]

1. d4 Nf6 2. c4 g6 3. Nc3 Bg7 4. e4 d6 5. Nf3 O-O 6. Be2 e5 7. d5 a5 8. h3 Na6
9. Bg5 Qe8 10. Nd2 Kh8 11. h4 Ng8 12. g4 f5 13. gxf5 gxf5 14. Bh5 Qd7 15. exf5
Qxf5 16. Nde4 Nc5 17. Qe2 Nxe4 18. Nxe4 Nf6 19. Ng3 Qd7 20. Rg1 c6 21. Bf3 cxd5
22. cxd5 Qa4 23. Qd2 e4 24. Bd1 Qb5 25. Be2 Qxd5 26. Qxd5 Nxd5 27. O-O-O Be6
28. Nxe4 Rac8+ 29. Kb1 Nb4 30. a3 Rc2 31. Rd2 Ba2+ 32. Ka1 Bxb2# 0-1

[Event "Cappelle-la-Grande 2014"]
[Site "Cappelle-la-Grande (FRA)"]
[Date "????.??.??"]
[Round "8.36"]
[White "Djukic, Nikola"]
[Black "Chu, Wei Chao"]
[Result "1/2-1/2"]
[WhiteElo "2551"]
[BlackElo "2288"]
[PlyCount "144"]

1. e4 c5 2. Nf3 d6 3. d4 cxd4 4. Nxd4 Nf6 5. Nc3 a6 6. Be3 e5 7. Nb3 Be6 8. h3
Be7 9. Qf3 O-O 10. O-O-O b5 11. g4 b4 12. Nd5 Nxd5 13. exd5 Bd7 14. Nd2 f5 15.
Nc4 a5 16. Kb1 f4 17. Bb6 Qe8 18. Bc7 Rf6 19. g5 Rg6 20. Bd3 Qc8 21. Bxg6 hxg6
22. Bxd6 Qxc4 23. b3 Qc8 24. Bxe7 Bf5 25. Qe2 Nd7 26. Qc4 Qxc4 27. bxc4 Rc8 28.
c5 Kf7 29. Bd6 Nxc5 30. Bxc5 Rxc5 31. Rd2 Ke7 32. d6+ Kd7 33. Kb2 Rc3 34. Re1
e4 35. h4 a4 36. Ka1 a3 37. Rb1 e3 38. fxe3 fxe3 39. Re2 Bxc2 40. Rbe1 Bf5 41.
Rxe3 Kxd6 42. Rd1+ Kc6 43. Ree1 Rc2 44. Rc1 Rc3 45. Rf1 Bd3 46. Rfd1 Bf5 47.
Re1 Kd5 48. Rcd1+ Kc5 49. Re5+ Kc6 50. Rh1 Bd3 51. Re3 Kc5 52. Rd1 Bf5 53. Rde1
Kd6 54. Re7 Rh3 55. Rxg7 Rxh4 56. Rc1 Rh2 57. Rb7 Rb2 58. Rb5 Be4 59. Rb8 Bf5
60. Rb6+ Ke5 61. Rb5+ Kf4 62. Rc4+ Kxg5 63. Rcxb4 Rxb4 64. Rxb4 Kh5 65. Ra4 g5
66. Rxa3 g4 67. Kb2 Kh4 68. Ra5 Be6 69. Ra6 Bxa2 70. Kxa2 g3 71. Kb3 Kh3 72.
Kc3 g2 1/2-1/2

[Event "Cappelle-la-Grande 2014"]
[Site "Cappelle-la-Grande (FRA)"]
[Date "????.??.??"]
[Round "8.37"]
[White "Jessel, Stephen"]
[Black "Maze, Sebastien"]
[Result "0-1"]
[WhiteElo "2334"]
[BlackElo "2545"]
[PlyCount "130"]

1. Nf3 Nf6 2. c4 g6 3. b4 Bg7 4. Bb2 O-O 5. g3 d6 6. Bg2 e5 7. d3 Re8 8. O-O a5
9. b5 Nbd7 10. Nc3 Nc5 11. Nd2 h5 12. h4 Ng4 13. Qc2 Ne6 14. e3 f5 15. Rae1 Rb8
16. Nd1 Bd7 17. f3 Nh6 18. f4 c6 19. a4 Ng4 20. Nf3 Qb6 21. Kh1 Rbc8 22. Nh2
Nh6 23. Bc3 Nc5 24. Nb2 Be6 25. Qd2 Qa7 26. Qc2 Bf7 27. Nf3 Re7 28. Ng5 Ng4 29.
Nd1 Ne6 30. Nxf7 Rxf7 31. Bf3 Nc5 32. Bxg4 hxg4 33. Nb2 Re8 34. Kh2 Qb6 35. Qd2
Qd8 36. Qc2 Rfe7 37. Kh1 exf4 38. exf4 Rxe1 39. Rxe1 Rxe1+ 40. Bxe1 Bxb2 41.
Qxb2 Nxd3 42. Qe2 Nxe1 43. Qxe1 Kf7 44. Qe3 cxb5 45. cxb5 Qe7 46. Qb6 Qe4+ 47.
Kh2 Ke6 48. Qc7 Qe2+ 49. Kg1 Qe3+ 50. Kh2 Qf2+ 51. Kh1 Qf1+ 52. Kh2 Qh3+ 53.
Kg1 Qxg3+ 54. Kh1 Qxh4+ 55. Kg1 Qg3+ 56. Kh1 Qf3+ 57. Kg1 Qe3+ 58. Kh1 Qc5 59.
Qg7 Qc8 60. Qxg6+ Kd5 61. Qf7+ Ke4 62. Qe7+ Kf3 63. Qe1 Qh8+ 64. Kg1 Qd4+ 65.
Kf1 Qd3+ 0-1

[Event "Cappelle-la-Grande 2014"]
[Site "Cappelle-la-Grande (FRA)"]
[Date "????.??.??"]
[Round "8.38"]
[White "Timoshenko, Georgy"]
[Black "Shvayger, Yuliya"]
[Result "1/2-1/2"]
[WhiteElo "2531"]
[BlackElo "2307"]
[PlyCount "112"]

1. d4 Nf6 2. c4 g6 3. Nc3 d5 4. cxd5 Nxd5 5. e4 Nxc3 6. bxc3 Bg7 7. Bg5 c5 8.
Rc1 O-O 9. d5 Qa5 10. Qd2 e6 11. d6 Qa4 12. Qe3 Nc6 13. Nf3 f6 14. Bh4 e5 15.
Nd2 Be6 16. Qxc5 Bh6 17. Rd1 Bxd2+ 18. Kxd2 Qxe4 19. Bg3 Rfd8 20. f3 Qa4 21.
Ke1 Rac8 22. d7 Bxd7 23. Bc4+ Kg7 24. Bb3 Qa5 25. Bf2 Qxc5 26. Bxc5 b6 27. Ba3
Be8 28. Bd5 Nd4 29. cxd4 Rxd5 30. Bb2 exd4 31. Kd2 Bf7 32. Rhe1 Rdc5 33. Rc1
Rxc1 34. Bxc1 Rc7 35. a3 Bb3 36. Kd3 Kf7 37. Bd2 Be6 38. g4 Bc4+ 39. Kxd4 Rd7+
40. Kxc4 Rxd2 41. h4 Rf2 42. Kd5 Rd2+ 43. Ke4 Rc2 44. Re3 Rc5 45. f4 f5+ 46.
gxf5 Rxf5 47. Rc3 Ra5 48. h5 Rxh5 49. Rc7+ Kf6 50. Rxa7 Ra5 51. Rxh7 Rxa3 52.
Rb7 Rb3 53. Rb8 Rb1 54. Kf3 b5 55. Kg4 b4 56. Rb6+ Kg7 1/2-1/2

[Event "Cappelle-la-Grande 2014"]
[Site "Cappelle-la-Grande (FRA)"]
[Date "????.??.??"]
[Round "8.39"]
[White "Coenen, Michael"]
[Black "Hovhanisian, Mher"]
[Result "0-1"]
[WhiteElo "2308"]
[BlackElo "2526"]
[PlyCount "58"]

1. c4 e6 2. g3 Nf6 3. Bg2 d5 4. Nf3 Be7 5. O-O O-O 6. d4 dxc4 7. Qc2 b5 8. a4
b4 9. Nbd2 b3 10. Qd1 Ba6 11. Ne5 Qxd4 12. Ndxc4 Qxd1 13. Rxd1 Nd5 14. Kf1 Rd8
15. Na5 Bf6 16. Ng4 Be7 17. Bf4 Nd7 18. Bxd5 exd5 19. Rxd5 Nb6 20. Rxd8+ Rxd8
21. Nxb3 Nd5 22. Be5 f6 23. Bd4 Rb8 24. Na5 Rb4 25. Nc6 Rc4 26. Nxe7+ Nxe7 27.
Rd1 Nc6 28. Ne3 Rxd4 29. Rc1 Rxa4 0-1

[Event "Cappelle-la-Grande 2014"]
[Site "Cappelle-la-Grande (FRA)"]
[Date "????.??.??"]
[Round "8.40"]
[White "Dgebuadze, Alexandre"]
[Black "Collas, Silvia"]
[Result "1/2-1/2"]
[WhiteElo "2521"]
[BlackElo "2260"]
[PlyCount "83"]

1. c4 c5 2. Nc3 Nc6 3. Nf3 g6 4. e3 Nf6 5. d4 cxd4 6. exd4 d5 7. cxd5 Nxd5 8.
Bc4 Nxc3 9. bxc3 Bg7 10. Ng5 O-O 11. Qf3 Nxd4 12. Bxf7+ Kh8 13. cxd4 Qxd4 14.
Rb1 Qe5+ 15. Qe2 h6 16. Bxg6 Qxe2+ 17. Kxe2 hxg5 18. Bxg5 Bf5 19. Bxf5 Rxf5 20.
f4 Ra5 21. Rxb7 Rxa2+ 22. Kf3 Bf6 23. Bxf6+ exf6 24. g3 a5 25. Kg4 a4 26. Kf5
a3 27. Kxf6 Rc2 28. Rhb1 Rc6+ 29. Kf5 Rc5+ 30. Ke4 Ra4+ 31. Kd3 a2 32. Ra1 Ra3+
33. Kd2 Rh5 34. Re7 Rxh2+ 35. Re2 Rxe2+ 36. Kxe2 Rxg3 37. Kd2 Kg7 38. Kc2 Kf6
39. Kb2 Rg2+ 40. Kb3 Kf5 41. Rxa2 Rxa2 42. Kxa2 1/2-1/2

[Event "Cappelle-la-Grande 2014"]
[Site "Cappelle-la-Grande (FRA)"]
[Date "????.??.??"]
[Round "8.41"]
[White "Lefebvre, Herve"]
[Black "Stojanovic, Dalibor"]
[Result "0-1"]
[WhiteElo "2307"]
[BlackElo "2501"]
[PlyCount "72"]

1. e4 c5 2. Nf3 Nc6 3. d4 cxd4 4. Nxd4 Nf6 5. Nc3 d6 6. Bg5 Qb6 7. Nb3 e6 8.
Bd3 Be7 9. O-O O-O 10. Qd2 a6 11. Rae1 Qd8 12. Re3 e5 13. f4 exf4 14. Rxf4 Ne5
15. Rf1 h6 16. Bf4 Ng6 17. Ree1 Nxf4 18. Qxf4 Ng4 19. Nd5 Bg5 20. Qf3 Ne5 21.
Qf2 Bh4 22. g3 Bg5 23. h4 Be7 24. Nd4 g6 25. Qf4 Kg7 26. Nf5+ gxf5 27. exf5 Bf6
28. g4 Rg8 29. Re2 Nxg4 30. Rg2 h5 31. Rf3 Kf8 32. Rfg3 Be5 33. Rxg4 Rxg4 34.
Qh6+ Bg7 35. Qxh5 Rxg2+ 36. Kxg2 b5 0-1

[Event "Cappelle-la-Grande 2014"]
[Site "Cappelle-la-Grande (FRA)"]
[Date "????.??.??"]
[Round "8.42"]
[White "Bouget, Alexandre"]
[Black "Ulibin, Mikhail"]
[Result "0-1"]
[WhiteElo "2295"]
[BlackElo "2491"]
[PlyCount "96"]

1. d4 e6 2. e4 d5 3. Nd2 Nf6 4. e5 Nfd7 5. Bd3 c5 6. c3 Nc6 7. Ne2 cxd4 8. cxd4
f6 9. Nf4 Nxd4 10. Qh5+ Ke7 11. exf6+ Nxf6 12. Ng6+ hxg6 13. Qxh8 Kf7 14. O-O
e5 15. Nb3 Nxb3 16. axb3 Be6 17. Bg5 e4 18. Be2 Qb6 19. Rac1 Rd8 20. Qh4 Qxb3
21. f3 Qb6+ 22. Kh1 e3 23. Bd3 Be7 24. g4 d4 25. Bxf6 Bxf6 26. Bxg6+ Ke7 27. g5
Be5 28. Bd3 Bd5 29. Kg1 Qxb2 30. Rc2 Qb3 31. Qh7 Bg8 32. Qe4 Qd5 33. Qh4 Rf8
34. f4 Qb3 35. Rc5 Bd6 36. g6+ Rf6 37. Re5+ Kd7 38. Bb5+ Kc7 39. Rc1+ Kb6 40.
Rg5 Bxf4 41. Rf5 Rxf5 42. Qd8+ Kxb5 43. Qd7+ Ka6 44. Qxf5 Qb2 45. Rc2 Qb1+ 46.
Kg2 Bd5+ 47. Kh3 Qf1+ 48. Kg4 Qf3+ 0-1

[Event "Cappelle-la-Grande 2014"]
[Site "Cappelle-la-Grande (FRA)"]
[Date "????.??.??"]
[Round "8.45"]
[White "Haub, Thorsten Michael"]
[Black "Sadikhov, Ulvi"]
[Result "0-1"]
[WhiteElo "2449"]
[BlackElo "2263"]
[PlyCount "60"]

1. g3 Nf6 2. Bg2 g6 3. e4 d6 4. d3 Bg7 5. Nf3 O-O 6. O-O e5 7. Nbd2 c6 8. b4 a5
9. bxa5 Qxa5 10. a4 Qc7 11. Bb2 Na6 12. Nc4 Be6 13. Nfd2 Nc5 14. a5 Nfd7 15. f4
b5 16. f5 Bxc4 17. dxc4 Rxa5 18. cxb5 cxb5 19. Nb3 Rxa1 20. Bxa1 Nf6 21. Qe2
Qc6 22. Kh1 Ra8 23. fxg6 hxg6 24. Nxc5 Qxc5 25. g4 Ra2 26. Qf3 Qxc2 27. g5 Nh5
28. Qxf7+ Kh7 29. Rg1 Nf4 30. Qd7 Rxa1 0-1

[Event "Cappelle-la-Grande 2014"]
[Site "Cappelle-la-Grande (FRA)"]
[Date "????.??.??"]
[Round "9.14"]
[White "Gupta, Abhijeet"]
[Black "Drasko, Milan"]
[Result "1/2-1/2"]
[WhiteElo "2630"]
[BlackElo "2460"]
[PlyCount "94"]

1. d4 e6 2. c4 Nf6 3. Nc3 Bb4 4. f3 d5 5. a3 Bxc3+ 6. bxc3 c6 7. e4 dxe4 8.
fxe4 e5 9. Nf3 Qa5 10. Qd3 Nbd7 11. Be2 exd4 12. Qxd4 Nc5 13. Qe5+ Be6 14. O-O
Nb3 15. Qxa5 Nxa5 16. Nd4 Bxc4 17. Rf5 Bxe2 18. Rxa5 Bd3 19. Re5+ Kf8 20. a4
Bxe4 21. Ba3+ Kg8 22. Be7 Bd5 23. Rf1 Nd7 24. Re3 h6 25. Nf5 Kh7 26. Nd6 Nb6
27. Rf4 Be6 28. c4 Rhe8 29. Nxe8 Rxe8 30. Bd6 Rd8 31. c5 Nd5 32. Rxe6 fxe6 33.
Rf7 Nf6 34. Rxb7 Rd7 35. Rb4 Nd5 36. Rb3 Kg6 37. a5 a6 38. Kf2 Kf5 39. Rb8 e5
40. h3 Nc3 41. g4+ Ke4 42. Re8 Kd3 43. Bxe5 Ne4+ 44. Kg2 Nxc5 45. Rg8 Ne6 46.
Re8 Nc5 47. Rg8 Ne6 1/2-1/2

[Event "Cappelle-la-Grande 2014"]
[Site "Cappelle-la-Grande (FRA)"]
[Date "????.??.??"]
[Round "9.16"]
[White "Vorobiov, Evgeny E"]
[Black "Stella, Andrea"]
[Result "1/2-1/2"]
[WhiteElo "2590"]
[BlackElo "2434"]
[PlyCount "81"]

1. e4 e6 2. d3 c5 3. g3 Nc6 4. Bg2 g6 5. Nf3 Bg7 6. O-O Nge7 7. c3 e5 8. Na3
O-O 9. Be3 d6 10. d4 exd4 11. cxd4 d5 12. exd5 Nxd5 13. Bg5 f6 14. Bc1 cxd4 15.
Nxd4 f5 16. Nab5 Nxd4 17. Nxd4 Kh8 18. Nb3 Be6 19. Qe2 Qb6 20. Nc5 Qxc5 21.
Qxe6 Rad8 22. Bg5 Rd6 23. Qe2 h6 24. Be7 Nxe7 25. Qxe7 Qb6 26. Rad1 Re6 27.
Qxb7 Qxb7 28. Bxb7 Re7 29. Bf3 Bxb2 30. Rd6 Rf6 31. Rd8+ Kg7 32. Rb1 Rb6 33. h4
h5 34. Kg2 Bf6 35. Rxb6 axb6 36. Rd6 Ra7 37. Rxb6 Rxa2 38. Rb7+ Kh6 39. Bd5 Re2
40. Bg8 Re7 41. Rxe7 1/2-1/2

[Event "Cappelle-la-Grande 2014"]
[Site "Cappelle-la-Grande (FRA)"]
[Date "????.??.??"]
[Round "9.17"]
[White "Vishnu Prasanna. V"]
[Black "Vazquez Igarza, Renier"]
[Result "1/2-1/2"]
[WhiteElo "2462"]
[BlackElo "2577"]
[PlyCount "100"]

1. e4 c5 2. Nf3 g6 3. d4 cxd4 4. Nxd4 Bg7 5. Nc3 Nc6 6. Be3 Nf6 7. Bc4 O-O 8.
Bb3 a5 9. O-O d6 10. h3 Nxd4 11. Bxd4 Bd7 12. a4 Bc6 13. Re1 e5 14. Be3 Nxe4
15. Nxe4 Bxe4 16. Qd2 Qc7 17. Rad1 Ra6 18. Bc5 Bxc2 19. Bxd6 Rxd6 20. Qxc2 Qxc2
21. Bxc2 Rb6 22. b3 Rc8 23. Be4 Rc7 24. Bd5 Rd7 25. Bc4 Rbd6 26. Rxd6 Rxd6 27.
Re3 Rd1+ 28. Kh2 Bf8 29. Rd3 Rxd3 30. Bxd3 f5 31. Kg1 e4 32. Bc4+ Kg7 33. Kf1
Bc5 34. Ke2 Kf6 35. Bd5 b6 36. Bg8 h6 37. Bd5 Ke5 38. Bf7 g5 39. Bg6 Kf6 40.
Bh5 Ke5 41. Bg6 Kf4 42. Bh7 h5 43. g3+ Ke5 44. Bg6 h4 45. gxh4 gxh4 46. f3 Kf4
47. fxe4 fxe4 48. Be8 Kg3 49. Bd7 e3 50. Be6 Kf4 1/2-1/2

[Event "Cappelle-la-Grande 2014"]
[Site "Cappelle-la-Grande (FRA)"]
[Date "????.??.??"]
[Round "9.20"]
[White "Manea, Alexandru"]
[Black "Eingorn, Vereslav S"]
[Result "1/2-1/2"]
[WhiteElo "2385"]
[BlackElo "2556"]
[PlyCount "40"]

1. c4 c5 2. Nc3 g6 3. g3 Bg7 4. Bg2 Nc6 5. Nf3 b6 6. O-O Bb7 7. b3 Nd4 8. e3
Nxf3+ 9. Bxf3 Bxf3 10. Qxf3 Nf6 11. Bb2 O-O 12. Nd5 Nxd5 13. Bxg7 Kxg7 14. Qxd5
d6 15. d4 Qd7 16. Rad1 Rac8 17. Rd2 Qc6 18. Qxc6 Rxc6 19. Rfd1 Rb8 20. Kf1 Kf6
1/2-1/2

[Event "Cappelle-la-Grande 2014"]
[Site "Cappelle-la-Grande (FRA)"]
[Date "????.??.??"]
[Round "9.22"]
[White "Popovic, Dusan"]
[Black "Monroy, Charles"]
[Result "1/2-1/2"]
[WhiteElo "2553"]
[BlackElo "2431"]
[PlyCount "86"]

1. e4 c6 2. d4 d5 3. e5 Bf5 4. c4 e6 5. Nc3 Ne7 6. a3 Nd7 7. c5 Bg6 8. b4 Nf5
9. Nf3 Be7 10. Bd3 Bh5 11. Bxf5 exf5 12. Qd3 Bxf3 13. Qxf3 g6 14. Bh6 Bg5 15.
Qh3 Bxh6 16. Qxh6 Qe7 17. b5 Qf8 18. Qh4 Qe7 19. Qxe7+ Kxe7 20. Rb1 Rhb8 21.
Kd2 a6 22. bxc6 bxc6 23. h4 Rxb1 24. Rxb1 Rb8 25. Rxb8 Nxb8 26. Na2 Kd8 27. Ke3
Kd7 28. Nb4 h6 29. Kf4 Ke6 30. a4 f6 31. exf6 Kxf6 32. Kg3 g5 33. hxg5+ hxg5
34. f4 a5 35. Nd3 Na6 36. Nc1 Nb4 37. Nb3 Nc2 38. Kf3 Kg6 39. g4 fxg4+ 40. Kxg4
Ne3+ 41. Kf3 Nc4 42. Kg4 Ne3+ 43. Kf3 Nc4 1/2-1/2

[Event "Cappelle-la-Grande 2014"]
[Site "Cappelle-la-Grande (FRA)"]
[Date "????.??.??"]
[Round "9.23"]
[White "Arizmendi Martinez, Julen Luis"]
[Black "Lazarev, Vladimir"]
[Result "1-0"]
[WhiteElo "2547"]
[BlackElo "2422"]
[PlyCount "81"]

1. e4 c5 2. Nc3 e6 3. Nf3 Nc6 4. d4 cxd4 5. Nxd4 Qc7 6. Be3 a6 7. Qd2 Nf6 8. f4
Bb4 9. Bd3 Na5 10. a3 Bxc3 11. Qxc3 Qxc3+ 12. bxc3 d5 13. e5 Ne4 14. Nb3 Nc4
15. Bxc4 dxc4 16. Na5 b5 17. Bd4 f5 18. exf6 gxf6 19. O-O Rf8 20. Rae1 f5 21.
Rf3 Rf7 22. Rh3 Bb7 23. Nxb7 Rxb7 24. Rh6 Re7 25. g4 O-O-O 26. Kg2 Rg8 27. Kf3
Rg6 28. Rxg6 hxg6 29. h4 Rh7 30. h5 g5 31. Rxe4 fxe4+ 32. Kxe4 gxf4 33. Kxf4
Kd7 34. Kg5 e5 35. Bxe5 Ke6 36. Kg6 Rd7 37. Bf6 Rd2 38. h6 Rh2 39. g5 a5 40. h7
b4 41. cxb4 1-0

[Event "Cappelle-la-Grande 2014"]
[Site "Cappelle-la-Grande (FRA)"]
[Date "????.??.??"]
[Round "9.24"]
[White "Pogorelov, Ruslan"]
[Black "Malakhatko, Vadim"]
[Result "0-1"]
[WhiteElo "2364"]
[BlackElo "2547"]
[PlyCount "84"]

1. c4 Nf6 2. Nf3 e6 3. Nc3 d5 4. d4 dxc4 5. Qa4+ Nbd7 6. e4 Be7 7. Bxc4 O-O 8.
Qc2 c5 9. e5 Ne8 10. dxc5 Nxc5 11. O-O a6 12. Ne4 b5 13. Be2 Qc7 14. Bg5 Nxe4
15. Qxc7 Nxc7 16. Bxe7 Re8 17. Bh4 Nd5 18. Rfe1 Bb7 19. Rac1 Rec8 20. Bd3 Nc5
21. Bc2 Nb4 22. Nd4 Nbd3 23. Bxd3 Nxd3 24. Rxc8+ Rxc8 25. Rd1 Nxb2 26. Rb1 Be4
27. Ra1 Rc4 28. Nb3 Bxg2 29. Kxg2 Rxh4 30. Nc5 g5 31. Nxa6 Nd3 32. Nc7 b4 33.
Rb1 Nxe5 34. Na6 Nc6 35. Rc1 Ne7 36. Rc7 Nd5 37. Rb7 Rc4 38. Nb8 Rc3 39. f3
Rc2+ 40. Kg1 Rxa2 41. Nc6 Rc2 42. Ne5 Rc7 0-1